000 00511nam a2200181Ia 4500
005 20250326125132.0
008 250326s9999 xx 000 0 und d
037 _aTextbook
040 _aFMSL
_beng
_cFMSL
041 _aeng
_2eng
084 _aX:97D L2
_qFMSL
100 _aHerding R
_9738535
245 0 _aJob control and union structure
_cHerding R
260 _aNetherlands
_bNetherlands, Rotterdam University
_c1972
300 _a401p
942 _cTB
_hX:97D L2
999 _c1276693
_d1276693